|
|
|
|
| LEADER |
00000nab a2200000 a 4500 |
| 001 |
vtls000024790 |
| 003 |
SK-MaSNL |
| 005 |
20260426062708.0 |
| 008 |
140301c1979 xo 0 slo |
| 015 |
|
|
|a SNBRB19rr/mm-uuuuu
|
| 035 |
|
|
|a CL0034884
|
| 040 |
|
|
|a SNKBUCL
|b slo
|c SNKBUCL
|e AACR2
|
| 041 |
0 |
|
|a slo
|
| 044 |
|
|
|a xo
|c SK
|
| 080 |
|
|
|a 71
|2 1981
|
| 100 |
0 |
|
|a -CH-
|4 aut
|9 853967
|
| 245 |
1 |
0 |
|a Bratislava minulosti a prítomnosti
|c -CH-
|
| 650 |
0 |
7 |
|a texty a fotografie
|2 snkbucl
|9 82166
|
| 651 |
|
7 |
|a Bratislava (Slovensko)
|2 snkbucl
|9 14568
|
| 655 |
|
7 |
|a recenzie
|2 snkbucl
|9 21907
|
| 655 |
|
7 |
|a články z novín a časopisov
|2 snkbucl
|9 267496
|
| 700 |
1 |
|
|a Chriašteľová, Ľubica,
|d 1948-
|4 aut
|9 5061
|
| 773 |
0 |
|
|t Učiteľské noviny
|g Roč. 29, č. 13 (1979), s. 12
|
| 787 |
0 |
8 |
|i Rec.:
|a Gregor, Miro
|t Bratislava
|d Martin : Osveta, 1986
|
| 852 |
|
|
|a Slovenská národná knižnica
|
| 958 |
|
|
|a RK
|
| 992 |
|
|
|a RBX
|
| 999 |
|
|
|c 2548513
|d 2550443
|